Dakiti - Bad Bunny y Jhayco - Estadísticas

Estadísticas generales
  • Esta prueba ha sido intentada 523 veces
  • La puntuación promedio es 310 de 405
Estadísticas de respuestas
Respuesta % Correcto
y
99%
a
98%
me
98%
(me
98%
no
98%
en
97%
se
97%
te
97%
yo
97%
ve
96%
baby
95%
cuando
95%
que
95%
ya
95%
entere
94%
tu
94%
nota
93%
bebe
92%
mi
92%
eres
90%
es
90%
si
90%
de
89%
donde
87%
has
87%
lo
87%
quieres
85%
dime
84%
llevare
83%
pa'
83%
pa
83%
beber
82%
nos
82%
va
82%
llegado
81%
sabes
81%
ahi
80%
quien
80%
hablar
79%
nosotros
79%
el
78%
(el
78%
ti
78%
como
77%
dejamos
77%
ver
77%
la
76%
culo
75%
pongo
75%
pongo)
75%
animal
74%
las
74%
los
74%
fenomenal
73%
veces
73%
septiembre
72%
agosto
71%
quito
71%
hasta
70%
devorarte
68%
por
67%
sin
67%
dolce
66%
Dolce
66%
party
66%
bulgari
65%
Bulgari
65%
safari
65%
voy
65%
copa
64%
despues
64%
mueves
64%
siempre
64%
(siempre
64%
tus
64%
vino
64%
cama
62%
digan
62%
hondo
62%
hondo)
62%
mari'
62%
vamos
62%
amigas
61%
cojones
61%
bien
60%
celebrar
60%
estas
60%
nadar
59%
(nadar
59%
suelta
59%
libras
57%
tiras
54%
venido
54%
esperar
52%
le
46%
hace
40%
mami
37%
pero
36%
(pero)
36%
senora
35%
tienes
35%
Sephora
33%
cinco
32%
condado
32%
cora
32%
cora)
32%
doctora
32%
(doctora)
32%
vuelta
32%
dando
31%
ser
31%
tiempo
31%
Pandora
30%
toma
30%
arrebatao
29%
estudiosa
29%
rompieron
29%
hombres
28%
perfora
28%
compra
27%
contigo
27%
horas
27%
motora
27%
(motora)
27%
fueras
26%
gastalo
26%
Louis
26%
estoy
25%
piercing
25%
Vuitton
25%
gustan
23%
tuvieses
21%
veinticuatro
21%
titeres
19%
miras
17%
sigue)
17%
Urus
17%
eh
16%
juqueao
14%
parqueao
14%
puesto
5%
nostros
4%
halar
3%
guileando
2%
llavare
2%
No se encontraron pruebas coincidentes
Distribución de puntuación
Porcentaje de gente con cada puntuación
Porcentaje por número respondido
Historial de tus puntuaciones
No has intentado esta prueba.